Szczegóły MARC21

70 lat Oddziału SITK RP w Szczecinie : 1946-2016 /

003 -Nazwa inst., której nr kontr. jest w polu 001 [,]
    • @
    • Nazwa instytucji, której n kontrolny jest w polu 001
    • NUKAT
005 -DATA I CZAS OSTATNIEJ MODYFIKACJI [,]
    • @
    • pole kontrolne
    • 20241231090830.0
020 -Międzynarod. znormalizowany nr książki - ISBN [ , ]
    • a
    • Numer ISBN
    • 9788394201722 Find
040 -Instytucja sporządzająca opis [ , ]
    • a
    • Instytucja, która sporządziła opis (NP)
    • SZCZ M/MK
    • c
    • Instytucja, która sporządziła rekord (NP)
    • SZCZ M/MK
942 -Rodzaj dokumentu [ , ]
    • c
    • Rodzaj dokumentu
    • Książka
100 -Hasło główne - nazwa osobowa [1, ]
    • a
    • Nazwa osobowa (NP)
    • Furmański, Ireneusz
    • d
    • Daty biograficzne (NP)
    • (1945- ).
    • 9
    • KHW
    • 612745
245 -Strefa tytułu i oznaczenia odpowiedzialności [1,0]
    • a
    • Tytuł
    • 70 lat Oddziału SITK RP w Szczecinie : Find
    • b
    • Ciąg dalszy tytułu (NP)
    • 1946-2016 / Find
    • c
    • Pozostałe elementy strefy tytułu i oznaczenia odpowiedzialności (NP)
    • [Autorzy tekstów Ireneusz Furmański, Andrzej Kozłowski, Stanisław Majer, Zdzisław Pawelec] ; Stowarzyszenie Inżynierów i Techników Komunikacji Rzeczpospolitej Polskiej. Oddział w Szczecinie.
246 -Wariant tytułu [3,0]
    • a
    • Tytuł (NP)
    • Siedemdziesiąt lat Oddziału Stowarzyszenia Inżynierów i Techników Komunikacji Rzeczpospolitej Polskiej w Szczecinie : 1946-2016.
260 -Strefa adresu wydawniczego [ , ]
    • a
    • Miejsce wydania (P)
    • Szczecin :
    • b
    • Nazwa wydawcy (P)
    • Wydawnictwo Ines,
    • c
    • Data wydania (P)
    • 2016.
300 -Strefa opisu fizycznego [ , ]
    • a
    • Określenie formy książki i/lub objętość (NP)
    • 121 s. :
    • b
    • Oznaczenie ilustracji (NP)
    • il. kolor. ;
    • c
    • Format (NP)
    • 24 cm.
336 -Typ zawartości [ , ]
    • a
    • Termin opisujący typ zawartości
    • Tekst
    • b
    • Kod określający zawartość
    • txt
    • 2
    • Źródło (terminu i kodu)
    • rdacontent
337 -Typ mediów [ , ]
    • a
    • Tryb odtwarzania
    • Bez urządzenia pośredniczącego
    • b
    • Kod typu mediów
    • n
    • 2
    • Źródło (terminu i kodu)
    • rdamedia
338 -Typ/rodzaj nośnika [ , ]
    • a
    • Hasło opisujące typ nośnika
    • Wolumin
    • b
    • Kod typu nośnika
    • nc
    • 2
    • Źródło (terminu i kodu)
    • rdacarrier
504 -Uwaga dot. bibliogr. załącznikowej [ , ]
    • a
    • Uwaga dot. bibliografii załącznikowej
    • Bibliogr. s. 121.
700 -Hasło dodatkowe - nazwa osobowa [1, ]
    • a
    • Nazwa osobowa (NP)
    • Kozłowski, Andrzej Find
    • c
    • Dopowiedzenie inne niż daty biograficzne (NP)
    • (mechanika).
    • 9
    • KHW
    • 612742
700 -Hasło dodatkowe - nazwa osobowa [1, ]
    • a
    • Nazwa osobowa (NP)
    • Majer, Stanisław Find
    • c
    • Dopowiedzenie inne niż daty biograficzne (NP)
    • (budownictwo).
    • 9
    • KHW
    • 612744
700 -Hasło dodatkowe - nazwa osobowa [1, ]
    • a
    • Nazwa osobowa (NP)
    • Pawelec, Zdzisław. Find
    • 9
    • KHW
    • 612743
710 -Hasło dodatkowe - nazwa ciała zbiorowego [2, ]
    • a
    • Nazwa ciała zbiorowego lub nazwa geograficzna jako pierwszy element (NP)
    • Stowarzyszenie Inżynierów i Techników Komunikacji.
    • 9
    • KHW
    • 18144
920 -ISBN [ , ]
    • a
    • ISBN
    • 978-83-942017-2-2 Find
Data inwentaryzacji Lokalizacja Status udost. Numer inwentarzowy Sygnatura
2021-11-15BE-2E.80608 
2021-11-30T-2T.21431T.21431
2021-11-30T-2TM.15812TM.15812
2021-11-30T-2TM.15813TM.15813